| 000 | 00442nam a2200193Ia 4500 | ||
|---|---|---|---|
| 008 | 170918s9999 xx 000 0 und d | ||
| 020 | _a9780545512008 | ||
| 050 | _bC545 2001 | ||
| 100 | _aChoi, Yangsook | ||
| 245 | 4 | _aThe name jar / | |
| 245 | _cYangsook Choi. | ||
| 260 | _aNew York : | ||
| 260 | _bScholastic, | ||
| 260 | _c2001 | ||
| 300 | _aunpaged : | ||
| 300 | _bcolored illustration ; | ||
| 300 | _c28cm. | ||
| 500 | _a290 | ||
| 999 |
_c341086 _d341086 |
||